| Tag |
First Indicator |
Second Indicator |
Subfields |
| LEADER |
00000cam a2200000 4500 |
| 001 |
in00000205021 |
| 005 |
20151009062832.0 |
| 008 |
721117c19641949alu s00000 eng d |
| 035 |
|
|
|a (OCoLC)00498427
|
| 035 |
|
|
|9 AAX8947AM
|
| 040 |
|
|
|c WSU
|d TXA
|d UtOrBLW
|
| 049 |
|
|
|a TXAM
|c [635573]
|
| 090 |
|
|
|a JF1411
|b .F4 1964
|
| 100 |
1 |
|
|a Fesler, James W.
|q (James William),
|d 1911-2005.
|
| 245 |
1 |
0 |
|a Area and administration :
|b by James W. Fesler.
|
| 264 |
|
1 |
|a [University] :
|b University of Alabama Press,
|c [1964]
|
| 264 |
|
4 |
|c [©1949]
|
| 300 |
|
|
|a 158 pages
|
| 336 |
|
|
|a text
|b txt
|2 rdacontent
|
| 337 |
|
|
|a unmediated
|b n
|2 rdamedia
|
| 338 |
|
|
|a volume
|b nc
|2 rdacarrier
|
| 500 |
|
|
|a Lectures delivered at the University of Alabama ... December 1 to 6, 1947, as a part of the Southern Religion Training Program in Public Administration.
|
| 536 |
|
|
|a Dr. Paul P. Van Riper Collection, Department of Political Science, 2004.
|
| 650 |
|
0 |
|a Public administration.
|
| 650 |
|
0 |
|a Administrative and political divisions.
|
| 651 |
|
0 |
|a United States
|x Politics and government
|y 20th century.
|
| 999 |
|
|
|a MARS
|
| 999 |
f |
f |
|s 7541fe54-a83d-373c-92f1-c113c77cf9e1
|i 8425d45b-e08d-3cb1-8709-c3f473652c14
|t 0
|
| 952 |
f |
f |
|p ric
|a Texas A&M University
|b Rellis Campus
|c Joint Library Facility
|d Remote Storage
|t 0
|e JF1411 .F4 1964
|h Library of Congress classification
|i unmediated -- volume
|m A14803085179
|
| 998 |
f |
f |
|a JF1411 .F4 1964
|t 0
|l Remote Storage
|